MARC details
| 000 -CABECERA |
| campo de control de longitud fija |
01050cam a2200289 a 4500 |
| 001 - NÚMERO DE CONTROL |
| campo de control |
000017146 |
| 005 - FECHA Y HORA DE LA ÚLTIMA TRANSACCIÓN |
| campo de control |
20200929165032.0 |
| 008 - DATOS DE LONGITUD FIJA--INFORMACIÓN GENERAL |
| campo de control de longitud fija |
010115s2000 ck abch b 001 0bspa |
| 020 ## - NÚMERO INTERNACIONAL ESTÁNDAR DEL LIBRO |
| Número Internacional Estándar del Libro |
9586980537 |
| 035 ## - NÚMERO DE CONTROL DEL SISTEMA |
| Número de control de sistema |
(BoCbEI)ei 0101M0010 |
| 040 ## - FUENTE DE LA CATALOGACIÓN |
| Centro catalogador/agencia de origen |
DO-SdBNP |
| Lengua de catalogación |
spa |
| Centro/agencia transcriptor |
DLC |
| Centro/agencia modificador |
BNPHU |
| 082 ## - NÚMERO DE LA CLASIFICACIÓN DECIMAL DEWEY |
| Número de clasificación |
924.6 |
| Número de documento/Ítem |
B446B |
| 049 ## - FONDOS LOCALES (OCLC) |
| Fondos de biblioteca |
BNGR |
| 100 1# - ENTRADA PRINCIPAL--NOMBRE DE PERSONA |
| Nombre de persona |
Bocaz, Luis, |
| 9 (RLIN) |
37761 |
| 245 10 - MENCIÓN DE TÍTULO |
| Título |
Andrés Bello : |
| Resto del título |
una biografía cultural / |
| Mención de responsabilidad, etc. |
Luis Bocaz ; prólogo de Rafael Caldera ; fotografía de Jorge Ramírez. |
| 260 ## - PUBLICACIÓN, DISTRIBUCIÓN, ETC. |
| Lugar de publicación, distribución, etc. |
Santafé : |
| Nombre del editor, distribuidor, etc. |
Convenio Andrés Bello, |
| Fecha de publicación, distribución, etc. |
2000. |
| 300 ## - DESCRIPCIÓN FÍSICA |
| Extensión |
245, [2] p. : |
| Otras características físicas |
il, mapas, retrs, facsím ; |
| Dimensiones |
30 cm. |
| 500 ## - NOTA GENERAL |
| Nota general |
Incluye índice onomástico. |
| 504 ## - NOTA DE BIBLIOGRAFÍA, ETC. |
| Nota de bibliografía, etc. |
Incluye notas |
| 504 ## - NOTA DE BIBLIOGRAFÍA, ETC. |
| Nota de bibliografía, etc. |
Bibliografías: p. 240-243. |
| 600 10 - PUNTO DE ACCESO ADICIONAL DE MATERIA--NOMBRE DE PERSONA |
| Nombre de persona |
Bello, Andrés, |
| Fechas asociadas al nombre |
1781-1865. |
| 9 (RLIN) |
22352 |
| 650 #4 - PUNTO DE ACCESO ADICIONAL DE MATERIA--TÉRMINO DE MATERIA |
| Término de materia o nombre geográfico como elemento de entrada |
Autores venezolanos |
| Subdivisión cronológica |
SIGLO XIX |
| Subdivisión general |
Biografías |
| 9 (RLIN) |
37762 |
| 650 #4 - PUNTO DE ACCESO ADICIONAL DE MATERIA--TÉRMINO DE MATERIA |
| Término de materia o nombre geográfico como elemento de entrada |
Estadístas venezolanos |
| Subdivisión general |
Biografía |
| 9 (RLIN) |
37763 |
| 650 #4 - PUNTO DE ACCESO ADICIONAL DE MATERIA--TÉRMINO DE MATERIA |
| Término de materia o nombre geográfico como elemento de entrada |
Eruditos venezolanos |
| Subdivisión general |
Biografía |
| 9 (RLIN) |
37764 |
| 700 1# - PUNTO DE ACCESO ADICIONAL--NOMBRE DE PERSONA |
| Nombre de persona |
Ramírez, Jorge, |
| 9 (RLIN) |
37765 |
| 700 1# - PUNTO DE ACCESO ADICIONAL--NOMBRE DE PERSONA |
| Nombre de persona |
Caldera, Rafael, |
| Término indicativo de función/relación |
pról. |
| 9 (RLIN) |
20912 |